| 000 | 02302cam a22006018i 4500 | ||
|---|---|---|---|
| 999 |
_c225438 _d225438 |
||
| 001 | 959965434 | ||
| 005 | 20170911134645.0 | ||
| 008 | 161004t20172017nyua b 000 1 eng c | ||
| 010 | _a2016045590 | ||
| 020 |
_a9780545873796 _q(hardcover) |
||
| 020 |
_a0545873797 _q(hardcover) |
||
| 020 |
_a9780545873789 _q(pbk.) |
||
| 020 |
_a0545873789 _q(pbk.) |
||
| 035 | _a(OCoLC)959965434 | ||
| 035 | _a1580498 | ||
| 035 | _a(OCoLC)ocn959965434 | ||
| 035 | _a1580498 | ||
| 040 |
_aNJQ/DLC _beng _erda _cZQP _dDLC _dOCLCO _dBTCTA _dOCLCF _dOCLCQ _dSINLB _dOCLCO _dBDX _dUAP _dIZ2 _dOQX _dDPL |
||
| 042 |
_alcac _apcc |
||
| 050 | 1 | 4 |
_aPZ7.C3313 _bSb 2017 |
| 082 | 0 | 4 |
_a[Fic] _223 |
| 092 | _ajunior | ||
| 099 |
_ajEERIE _a6 |
||
| 100 | 1 |
_aChabert, Jack, _eauthor. _95731821 |
|
| 245 | 1 | 0 |
_aEerie Elementary. _n6, _pSam battles the machine! / _cby Jack Chabert ; illustrated by Sam Ricks. |
| 246 | 3 | _aSam battles the machine! | |
| 246 | 3 | _aEerie Elementary, Sam battles the machine! | |
| 250 | _aFirst edition. | ||
| 264 | 1 |
_aNew York, NY : _bBranches/Scholastic Inc., _c[2017] |
|
| 264 | 4 | _c©2017. | |
| 300 |
_a90 pages : _billustrations ; _c20 cm. |
||
| 336 | _atext | ||
| 337 | _aunmediated | ||
| 338 | _avolume | ||
| 490 | 1 |
_aEerie Elementary ; _v6. |
|
| 490 | 1 | _aBranches. | |
| 520 | _aSam, Lucy, and Antonio have a new substitute teacher, who happens to be the great-great-grandson of Orson Eerie, the evil scientist whose spirit possesses and infects their elementary school--and the friends are afraid he may be trying to bring Orson back to life. | ||
| 650 | 0 |
_aSubstitute teachers _vJuvenile fiction. _95686692 |
|
| 650 | 0 |
_aHaunted schools _vJuvenile fiction. _95731822 |
|
| 650 | 0 |
_aScientists _vJuvenile fiction. _95680203 |
|
| 650 | 0 |
_aInheritance and succession _vJuvenile fiction. _95731823 |
|
| 650 | 0 |
_aElementary schools _vJuvenile fiction. _95689382 |
|
| 650 | 0 |
_aBest friends _vJuvenile fiction. _95673646 |
|
| 650 | 1 |
_aSubstitute teachers _vFiction. _95686694 |
|
| 650 | 1 |
_aHaunted places _vFiction. _95690603 |
|
| 650 | 1 |
_aScientists _vFiction. _95674672 |
|
| 650 | 1 |
_aSchools _vFiction. _95673727 |
|
| 650 | 1 |
_aBest friends _vFiction. _95675106 |
|
| 650 | 1 |
_aFriendship _vFiction. _95673769 |
|
| 655 | 7 |
_aHorror fiction. _2lcgft. _9102702 |
|
| 700 | 1 |
_aRicks, Sam, _eillustrator. _95731824 |
|
| 800 | 1 |
_aChabert, Jack. _tEerie Elementary ; _v6. _95731825 |
|
| 830 | 0 |
_aBranches (Scholastic Inc.) _95728641 |
|
| 907 | _a.b37315625x | ||
| 942 |
_2ddc _cBOOK |
||